000 00311nam a22001337a 4500
003 SGT
082 _a640
_bT16N
100 _aNORTH INDIA HOTELS
245 _aTHE FINEST HOTELS OF NORTH INDIA
260 _aNEW DELHI
_bDIRECTORY OF HOTELS
_c2016
300 _a160
650 _aHOTEL MANAGEMENT
942 _2ddc
_cBK
999 _c13000
_d13000